00804nam a22002537a 45000010005000000030006000050050017000110080041000280200018000690400029000870500009001160820010001251000019001352450067001542600037002213000058002584900019003165050008003355200094003435210029004375210020004666500036004867000028005228417FISKH20250910162023.0250910b cb ||||| |||| 00| 0 eng d a9780545175760 aFISKHbengcFISKHdFISKH aE468 a973.7 aPerriano, John aCivil War :bIncredible Facts and Photos /cBy John Perritano aNew York : bScholastic ,c1994. a32 pages : bcolor illustrations , with CD ,c25 cm . aAmerica at War aX  aLearn about the Civil War, the leaders of the war, the battles and why the South seceded.8 a890 bLexile estimate 8 aX bRaz-Plus  aAmerican Civil WarvNon-fiction aCohn, Jessica eEditor